000 01007nam a2200253Ia 4500
003 Ost
005 20260507075412.0
008 260507s9999||||xx |||||||||||||| ||und||
020 _a14232499579
040 _cfsecg
041 _aara
082 _a600
100 _aطالب، علاء فرحان
_eمؤلف
245 0 _aنظام الإستخبارات التسويقية /
_c علاء فرحان طالب
260 _aعمان:
_bدار صفاء للنشر والتوزيع,
_c2009
300 _a216 صفحة؛
_bإيضاحات ؛
_c25 سم
504 _aالملاحق ص.199 المراجع ص.211
520 _aيضم المنهجية والدراسات السابقة، الإطار النظري، الإطار العملي، الإستنتاجات والتوصيات
653 _aأدارة المبيعات
653 _aالإستراتيجية التنافسية
653 _aالتسويق
700 _aالشمري، محمد جبار
_eمؤلف ثانوي
942 _cكتاب
999 _c44425
_d44425